Revue de Droit International et de Droit comparé
Salvato in:
| Natura: | Periodico |
|---|---|
| Lingua: | francese |
| Pubblicazione: |
Bruxelles
Bruylant
1989
|
| Tags: |
Nessun Tag, puoi essere il primo ad aggiungerne!!
|
MARC
| LEADER | 00000nas2a2200000 4500 | ||
|---|---|---|---|
| 001 | s033562 | ||
| 005 | 20250730114144.1 | ||
| 041 | 0 | |a fre | |
| 044 | |a BE | ||
| 245 | 1 | 0 | |a Revue de Droit International et de Droit comparé |
| 264 | 1 | |a Bruxelles |b Bruylant |c 1989 | |
| 300 | |a 1 zv. | ||
| 773 | 0 | |w eu_un_cat*s120272 | |